[Event "DBMM 2015 (XV.)"]
[Site "München"]
[Date "2015.10.22"]
[Round "1.3"]
[White "Buchholz, Robert"]
[Black "Metzger, Kai"]
[Result "1-0"]
[WhiteElo "1990"]
[BlackElo "1559"]
[PlyCount "68"]
[EventDate "2015.10.22"]
[EventType "swiss"]
[EventCountry "GER"]
[WhiteTeam "Baubehörde Hamburg 1"]
[BlackTeam "Kreissparkasse Heilbronn 1"]

1. d4 d5 2. c4 dxc4 3. Nf3 e6 4. e3 Nf6 5. Bxc4 Be7 6. O-O O-O 7. Nc3 Nc6 8. a3
a6 9. Qe2 b5 10. Ba2 Bb7 11. Rd1 Nd5 12. Ne4 f5 13. Nc5 Bxc5 14. dxc5 Qe7 15.
e4 fxe4 16. Qxe4 Rad8 17. Bg5 Nf6 18. Qxe6+ Qxe6 19. Bxe6+ Kh8 20. Bf4 Rxd1+
21. Rxd1 Rd8 22. Rc1 Nd4 23. Nxd4 Rxd4 24. Bxc7 Rd2 25. f3 Bc6 26. b3 Nd5 27.
Bg3 Ne3 28. Bf2 Rd1+ 29. Rxd1 Nxd1 30. Bd4 a5 31. b4 axb4 32. axb4 h6 33. Kf1
Kh7 34. Bf5+ g6 1-0

[Event "DBMM 2015 (XV.)"]
[Site "München"]
[Date "2015.10.22"]
[Round "1.1"]
[White "Piotrowski, Roger"]
[Black "Urban, Ralf-Dieter"]
[Result "0-1"]
[WhiteElo "1734"]
[BlackElo "2063"]
[PlyCount "53"]
[EventDate "2015.10.22"]
[EventType "swiss"]
[EventCountry "GER"]
[WhiteTeam "Telestern Berlin 1"]
[BlackTeam "Transit Hühnerposten Hamburg 1"]

1. d4 c5 2. Nf3 cxd4 3. Nxd4 d5 4. g3 e5 5. Nb3 Bd6 6. Bg2 Ne7 7. e4 dxe4 8.
Bxe4 Nbc6 9. Nc3 a6 10. Be3 O-O 11. Bg2 Nf5 12. Qd2 Be6 13. O-O Nxe3 14. Qxe3
Qc7 15. Rad1 Rad8 16. Rd2 f5 17. f4 e4 18. Rfd1 Na5 19. Nd4 Bc5 20. Bf1 b5 21.
Kg2 Bc4 22. b3 Bxf1+ 23. Kxf1 Nc6 24. Nce2 Qb6 25. c3 a5 26. c4 b4 27. g4 0-1

[Event "DBMM 2015 (XV.)"]
[Site "München"]
[Date "2015.10.22"]
[Round "1.2"]
[White "Meister, Bernd-Holger"]
[Black "Norris, Ray"]
[Result "1-0"]
[WhiteElo "1819"]
[BlackElo "1725"]
[PlyCount "71"]
[EventDate "2015.10.22"]
[EventType "swiss"]
[EventCountry "GER"]
[WhiteTeam "Transit Hühnerposten Hamburg 1"]
[BlackTeam "Telestern Berlin 1"]

1. b3 Nf6 2. Bb2 d6 3. e3 Bf5 4. Nf3 Nbd7 5. d3 e5 6. Be2 h6 7. Nbd2 Be7 8. O-O
O-O 9. e4 Bh7 10. g3 Re8 11. Nh4 a5 12. Nc4 g5 13. Nf5 Bxf5 14. exf5 b5 15. Ne3
c6 16. Kh1 d5 17. f4 Bc5 18. Ng4 Nxg4 19. Bxg4 e4 20. dxe4 Rxe4 21. Bf3 Re3 22.
fxg5 hxg5 23. Bg2 f6 24. c4 bxc4 25. bxc4 Nb6 26. cxd5 Nxd5 27. Rc1 Qd6 28.
Bxd5+ cxd5 29. Rxc5 Qxc5 30. Bd4 Qc6 31. Bxe3 d4+ 32. Kg1 dxe3 33. Qb3+ Kg7 34.
Qxe3 Re8 35. Qf3 Qc5+ 36. Kg2 1-0

[Event "DBMM 2015 (XV.)"]
[Site "München"]
[Date "2015.10.22"]
[Round "1.3"]
[White "Kleinwächter, Manfred"]
[Black "Bohn, Christoph"]
[Result "0-1"]
[WhiteElo "1533"]
[BlackElo "1920"]
[PlyCount "46"]
[EventDate "2015.10.22"]
[EventType "swiss"]
[EventCountry "GER"]
[WhiteTeam "Telestern Berlin 1"]
[BlackTeam "Transit Hühnerposten Hamburg 1"]

1. e4 e5 2. Nf3 Nc6 3. Bb5 Nd4 4. Nxd4 exd4 5. Be2 Nf6 6. d3 h6 7. O-O Be7 8.
Bf4 d6 9. Nd2 Be6 10. Bf3 Qd7 11. h3 g5 12. e5 gxf4 13. exf6 Bxf6 14. Re1 O-O-O
15. Ne4 Be7 16. c4 Rdg8 17. Kh2 h5 18. Qd2 Bg5 19. Nxg5 Rxg5 20. Qxf4 Rhg8 21.
Qh4 d5 22. cxd5 Bxd5 23. Qf4 Rxg2+ 0-1

[Event "DBMM 2015 (XV.)"]
[Site "München"]
[Date "2015.10.22"]
[Round "1.1"]
[White "Mooser, Stefan"]
[Black "Quast, Michael"]
[Result "1-0"]
[WhiteElo "2148"]
[BlackElo "1760"]
[PlyCount "43"]
[EventDate "2015.10.22"]
[EventType "swiss"]
[EventCountry "GER"]
[WhiteTeam "Flughafen München 1"]
[BlackTeam "Bezirksamt Berlin Tempelhof 2"]

1. e4 b6 2. d4 Bb7 3. Bd3 e6 4. Qe2 Nc6 5. c3 Be7 6. f4 Bh4+ 7. g3 Be7 8. Nf3
Nh6 9. f5 Ng4 10. e5 h5 11. Bf4 exf5 12. Bxf5 g5 13. Bd2 a5 14. d5 Ba6 15. Qe4
Bc5 16. Bxg4 hxg4 17. Bxg5 Ne7 18. Nd4 Bb7 19. c4 Rg8 20. Bf6 Bb4+ 21. Nc3 c5
22. Nf5 1-0

[Event "DBMM 2015 (XV.)"]
[Site "München"]
[Date "2015.10.22"]
[Round "1.2"]
[White "Frahm, Werner"]
[Black "Eggerer, Stefan"]
[Result "0-1"]
[WhiteElo "1570"]
[BlackElo "2156"]
[PlyCount "40"]
[EventDate "2015.10.22"]
[EventType "swiss"]
[EventCountry "GER"]
[WhiteTeam "Bezirksamt Berlin Tempelhof 2"]
[BlackTeam "Flughafen München 1"]

1. e4 e6 2. d4 d5 3. Nc3 dxe4 4. Nxe4 Bd7 5. Nf3 Bc6 6. Bd3 Nd7 7. Be3 Ngf6 8.
Nxf6+ Qxf6 9. Bg5 Bxf3 10. Bxf6 Bxd1 11. Rxd1 Nxf6 12. O-O O-O-O 13. c3 c5 14.
Bb1 cxd4 15. cxd4 Bb4 16. Rd3 Rd7 17. Rc1+ Kb8 18. Rc4 Rc8 19. Rxc8+ Kxc8 20.
Rd1 Ba5 0-1

[Event "DBMM 2015 (XV.)"]
[Site "München"]
[Date "2015.10.22"]
[Round "1.3"]
[White "Däbritz, Hans-Jörg"]
[Black "Wolf, Wilfried"]
[Result "1-0"]
[WhiteElo "1907"]
[BlackElo "1526"]
[PlyCount "76"]
[EventDate "2015.10.22"]
[EventType "swiss"]
[EventCountry "GER"]
[WhiteTeam "Flughafen München 1"]
[BlackTeam "Bezirksamt Berlin Tempelhof 2"]

1. d4 Nf6 2. c4 d5 3. Nc3 e6 4. Nf3 Be7 5. e3 O-O 6. Qc2 h6 7. Bd2 Nc6 8. a3 a6
9. Rc1 Bd7 10. cxd5 exd5 11. Bd3 Bd6 12. O-O Re8 13. Qb3 Ne7 14. Ne5 Rf8 15. f4
Rb8 16. Qc2 Be6 17. h3 Qc8 18. f5 Bd7 19. e4 dxe4 20. Nxe4 Nxe4 21. Bxe4 Bxe5
22. dxe5 Bc6 23. Bc3 Bxe4 24. Qxe4 Nc6 25. Qg4 Qe8 26. e6 f6 27. Qg3 Qe7 28.
Bd2 Kh8 29. Bf4 Rbc8 30. Rfd1 Rfd8 31. Qe3 Rxd1+ 32. Rxd1 Rd8 33. Rxd8+ Qxd8
34. Qd2 Qxd2 35. Bxd2 Kg8 36. Bf4 Ne5 37. Bxe5 fxe5 38. Kf2 Kf8 1-0

[Event "DBMM 2015 (XV.)"]
[Site "München"]
[Date "2015.10.22"]
[Round "1.4"]
[White "Warnest, Stefan"]
[Black "Sindern, Christoph"]
[Result "1-0"]
[WhiteElo "1507"]
[BlackElo "1569"]
[PlyCount "65"]
[EventDate "2015.10.22"]
[EventType "swiss"]
[EventCountry "GER"]
[WhiteTeam "Bezirksamt Berlin Tempelhof 2"]
[BlackTeam "Flughafen München 1"]

1. e4 c5 2. Nf3 Nc6 3. d4 cxd4 4. Nxd4 e5 5. Nb5 a6 6. Nd6+ Bxd6 7. Qxd6 Qf6 8.
Qxf6 Nxf6 9. Nc3 h6 10. Bd3 Ne7 11. Be3 O-O 12. h3 d6 13. Rd1 Be6 14. O-O Rac8
15. a3 d5 16. exd5 Nexd5 17. Nxd5 Nxd5 18. Bd2 f5 19. c4 Nf6 20. b3 e4 21. Be2
Nd7 22. Bb4 Rfe8 23. Bh5 Ne5 24. Bxe8 Rxe8 25. Rfe1 Nd3 26. Re2 b6 27. Red2 a5
28. Bc3 g5 29. Bd4 a4 30. b4 b5 31. c5 Rd8 32. Bf6 Kf7 33. Bxd8 1-0

[Event "DBMM 2015 (XV.)"]
[Site "München"]
[Date "2015.10.22"]
[Round "1.3"]
[White "Lindemann, Thomas"]
[Black "Schmidt, Jörg"]
[Result "1/2-1/2"]
[WhiteElo "1552"]
[BlackElo "1736"]
[PlyCount "80"]
[EventDate "2015.10.22"]
[EventType "swiss"]
[EventCountry "GER"]
[WhiteTeam "Baubehörde Hamburg 2"]
[BlackTeam "Bezirksamt Berlin Tempelhof 1"]

1. e4 c5 2. f4 Nc6 3. Nf3 g6 4. Bc4 e6 5. O-O Nge7 6. d3 Bg7 7. f5 d5 8. fxg6
hxg6 9. exd5 exd5 10. Bb5 Qc7 11. Bg5 Be6 12. c3 O-O-O 13. Bxc6 bxc6 14. Bh4
Bh6 15. Qa4 Be3+ 16. Rf2 g5 17. Bg3 Qb6 18. Nbd2 Nf5 19. Be5 Rh6 20. Rb1 f6 21.
b4 Bxf2+ 22. Kxf2 cxb4+ 23. Nd4 fxe5 24. Rxb4 Nxd4 25. Rxb6 axb6 26. cxd4 Kb7
27. Nf3 Rf8 28. Kg3 e4 29. dxe4 dxe4 30. Nxg5 Rg6 31. h4 Bd5 32. Qa3 Rf7 33.
Qe3 Rf5 34. Kh3 Kc7 35. a4 Kd6 36. Qg3+ Kd7 37. Qb8 c5 38. Qa7+ Kc6 39. Qa8+
Kc7 40. Qa7+ Kc6 1/2-1/2

[Event "DBMM 2015 (XV.)"]
[Site "München"]
[Date "2015.10.22"]
[Round "2.1"]
[White "FM Gempe, Thomas"]
[Black "GM Nikolic, Predrag"]
[Result "0-1"]
[WhiteElo "2210"]
[BlackElo "2603"]
[PlyCount "106"]
[EventDate "2015.10.22"]
[EventType "team-swiss"]
[EventCountry "GER"]
[WhiteTeam "ADAC München 1"]
[BlackTeam "Europäisches Patentamt Mü. 1"]

1. d4 d5 2. c4 dxc4 3. e4 Nc6 4. d5 Ne5 5. Bf4 Ng6 6. Bg3 Nf6 7. Nc3 e5 8. Bxc4
Bd6 9. Bb5+ Bd7 10. Bxd7+ Qxd7 11. Nge2 O-O 12. O-O Rfc8 13. f3 c6 14. Bf2 Qe7
15. Ng3 Nh4 16. Rc1 Bc5 17. Kh1 Bxf2 18. Rxf2 cxd5 19. Nxd5 Nxd5 20. exd5 h6
21. Rfc2 Rxc2 22. Rxc2 Rd8 23. Rd2 Qd6 24. Qa4 Qc5 25. Qd1 f5 26. d6 Rd7 27. h3
Qc4 28. Rc2 Qe6 29. Rd2 Qxa2 30. Qc2 Qe6 31. Qa4 e4 32. fxe4 f4 33. Nf5 Nxf5
34. exf5 Qxf5 35. Kh2 f3 36. gxf3 Rxd6 37. Rxd6 Qe5+ 38. Kh1 Qxd6 39. Qb3+ Kh7
40. Qxb7 a5 41. Kg2 Qd4 42. Qb5 a4 43. Qf5+ Kg8 44. Qc8+ Kf7 45. Qc7+ Ke6 46.
Qc6+ Ke5 47. Qe8+ Kf4 48. Qe2 h5 49. Qc2 h4 50. b3 axb3 51. Qxb3 Qd2+ 52. Kf1
Kg3 53. f4+ Kh2 0-1

[Event "DBMM 2015 (XV.)"]
[Site "München"]
[Date "2015.10.22"]
[Round "2.2"]
[White "Moufang, Rainer"]
[Black "Haas, Peter"]
[Result "1-0"]
[WhiteElo "2304"]
[BlackElo "2076"]
[PlyCount "69"]
[EventDate "2015.10.22"]
[EventType "team-swiss"]
[EventCountry "GER"]
[WhiteTeam "Europäisches Patentamt Mü. 1"]
[BlackTeam "ADAC München 1"]

1. d4 Nf6 2. Bg5 e6 3. e4 h6 4. Bxf6 Qxf6 5. Qd2 d6 6. Nc3 a6 7. O-O-O g5 8. g3
Nc6 9. f4 Qe7 10. Nf3 Bg7 11. e5 g4 12. Nh4 d5 13. h3 gxh3 14. Rxh3 Bd7 15. Be2
Na5 16. Nf5 exf5 17. Nxd5 Qd8 18. Qxa5 b6 19. Qa3 Be6 20. Ne3 c6 21. Bf3 Rc8
22. Rh5 Qe7 23. Qxe7+ Kxe7 24. Nxf5+ Bxf5 25. Rxf5 Rc7 26. Rh5 Rd8 27. Rh2 Bf8
28. Rd3 Ke8 29. Kd2 a5 30. Ke3 c5 31. d5 c4 32. Rd1 c3 33. d6 Rc5 34. b3 Kd7
35. Rd5 1-0

[Event "DBMM 2015 (XV.)"]
[Site "München"]
[Date "2015.10.22"]
[Round "2.3"]
[White "Budai, Zoltan"]
[Black "Maric, Viktor"]
[Result "0-1"]
[WhiteElo "2043"]
[BlackElo "2285"]
[PlyCount "137"]
[EventDate "2015.10.22"]
[EventType "team-swiss"]
[EventCountry "GER"]
[WhiteTeam "ADAC München 1"]
[BlackTeam "Europäisches Patentamt Mü. 1"]

1. d4 d5 2. Nf3 Nf6 3. c4 c6 4. Nc3 dxc4 5. a4 Bf5 6. e3 e6 7. Bxc4 Bb4 8. O-O
O-O 9. Qe2 Nbd7 10. e4 Bg6 11. e5 Nd5 12. Nxd5 cxd5 13. Bd3 Rc8 14. Ng5 Rxc1
15. Raxc1 Qxg5 16. f4 Qd8 17. Bxg6 fxg6 18. Qb5 Bd2 19. Rcd1 Bxf4 20. g3 Be3+
21. Kg2 Rxf1 22. Rxf1 Qc8 23. Qb4 Bg5 24. Kh3 h5 25. Rf3 Qc6 26. g4 h4 27. Qa3
Kh7 28. b4 Qc4 29. Qc3 b5 30. axb5 Nb6 31. Qa1 Qe2 32. Qf1 Qxf1+ 33. Rxf1 Nc4
34. Rf7 Na3 35. Rxa7 Nxb5 36. Rb7 Nxd4 37. b5 Ne2 38. Kg2 h3+ 39. Kxh3 d4 40.
b6 Bf4 41. Rd7 Bxe5 42. b7 d3 43. Kg2 Nf4+ 44. Kf2 Nd5 45. Ke1 Bxh2 46. Kd2 Kh6
47. Rd8 Kg5 48. Kxd3 Kxg4 49. Rh8 Bc7 50. Rg8 Nb4+ 51. Ke4 Kg5 52. Rxg7 Bb8 53.
Rg8 Na6 54. Kd3 Kf6 55. Kc4 Kf7 56. Rc8 Bd6 57. Kb5 Nb8 58. Kb6 e5 59. Ka7 Nd7
60. Rd8 Ke7 61. Rg8 Nf8 62. Rh8 Nd7 63. Rh7+ Ke6 64. Rg7 Kf6 65. Rxd7 Ke6 66.
Rxd6+ Kxd6 67. b8=Q+ Ke6 68. Qb6+ Kf5 69. Qd8 0-1

[Event "DBMM 2015 (XV.)"]
[Site "München"]
[Date "2015.10.22"]
[Round "2.4"]
[White "Heer, Stephan"]
[Black "WFM Gempe, Anet"]
[Result "1/2-1/2"]
[WhiteElo "2127"]
[BlackElo "2045"]
[PlyCount "80"]
[EventDate "2015.10.22"]
[EventType "team-swiss"]
[EventCountry "GER"]
[WhiteTeam "Europäisches Patentamt Mü. 1"]
[BlackTeam "ADAC München 1"]

1. Nf3 Nf6 2. g3 b6 3. Bg2 Bb7 4. d3 d5 5. O-O e6 6. Nbd2 Be7 7. Re1 O-O 8. e4
dxe4 9. Ng5 c5 10. Ngxe4 Nc6 11. Nxf6+ Bxf6 12. Ne4 Be7 13. Qh5 Nd4 14. Ng5
Bxg5 15. Bxb7 Bxc1 16. Raxc1 Rb8 17. Be4 h6 18. c3 Nb5 19. Rcd1 Qf6 20. d4 Nd6
21. Bb1 cxd4 22. Rxd4 Rfd8 23. Rf4 Qg5 24. Qe2 Qe7 25. Qc2 g6 26. Qc1 Kg7 27.
h4 Rbc8 28. h5 Rc4 29. hxg6 fxg6 30. Rf3 Rg4 31. Rfe3 Re8 32. Qd1 Rg5 33. f4
Rc5 34. Qd4+ Kh7 35. Re5 Rxe5 36. Rxe5 Nf5 37. Qe4 Qf6 38. Kg2 Ng7 39. Kh3 Re7
40. Bd3 Qf7 1/2-1/2

[Event "DBMM 2015 (XV.)"]
[Site "München"]
[Date "2015.10.22"]
[Round "2.1"]
[White "FM Schramm, Christian"]
[Black "Segerberg, Tomas"]
[Result "1/2-1/2"]
[WhiteElo "2390"]
[BlackElo "2069"]
[PlyCount "70"]
[EventDate "2015.10.22"]
[EventType "team-swiss"]
[EventCountry "GER"]
[WhiteTeam "Allianz Global Investors Ffm 1"]
[BlackTeam "Europäisches Patentamt Mü. 2"]

1. e4 e6 2. d4 d5 3. Nd2 Nf6 4. e5 Nfd7 5. Bd3 c5 6. c3 Nc6 7. Ne2 cxd4 8. cxd4
f6 9. Nf4 Nxd4 10. Qh5+ Ke7 11. exf6+ Nxf6 12. Ng6+ hxg6 13. Qxh8 Kf7 14. O-O
e5 15. Nb3 Nxb3 16. axb3 Bf5 17. Bxf5 gxf5 18. Bg5 Bc5 19. Qh3 Qd7 20. b4 Bb6
21. Bxf6 Kxf6 22. Ra3 g6 23. Qh6 Qg7 24. Qd2 Rd8 25. h4 d4 26. Rxa7 Rh8 27.
Qg5+ Ke6 28. Ra3 e4 29. Rg3 Kf7 30. Ra1 Qf6 31. Qc1 Qe6 32. Qf4 Qf6 33. Qc1 Qe6
34. Qf4 Qf6 35. Qc1 Qe6 1/2-1/2

[Event "DBMM 2015 (XV.)"]
[Site "München"]
[Date "2015.10.22"]
[Round "2.2"]
[White "Lichtenstern, Elmar"]
[Black "FM Guth, Thomas"]
[Result "0-1"]
[WhiteElo "2081"]
[BlackElo "2293"]
[PlyCount "56"]
[EventDate "2015.10.22"]
[EventType "team-swiss"]
[EventCountry "GER"]
[WhiteTeam "Europäisches Patentamt Mü. 2"]
[BlackTeam "Allianz Global Investors Ffm 1"]

1. d4 e6 2. g3 Nf6 3. Bg2 d6 4. c4 c5 5. Nf3 cxd4 6. Nxd4 a6 7. Nc3 Be7 8. O-O
O-O 9. Qc2 Qc7 10. b3 Nbd7 11. Ba3 Rd8 12. Rfd1 Nf8 13. Rac1 Bd7 14. e4 Be8 15.
Bb2 Rac8 16. Qe2 Qb8 17. f4 N6d7 18. Kh1 Bf6 19. f5 Bxd4 20. Rxd4 Ne5 21. Rcd1
b5 22. cxb5 axb5 23. Qd2 Rc6 24. Ba3 Ng4 25. h3 Rxc3 26. Qxc3 Nf2+ 27. Kh2 Nxd1
28. Rxd1 Qa7 0-1

[Event "DBMM 2015 (XV.)"]
[Site "München"]
[Date "2015.10.22"]
[Round "2.4"]
[White "Rabenstein, Winfried"]
[Black "Büscher, Henrik"]
[Result "0-1"]
[WhiteElo "2036"]
[BlackElo "2112"]
[PlyCount "64"]
[EventDate "2015.10.22"]
[EventType "team-swiss"]
[EventCountry "GER"]
[WhiteTeam "Europäisches Patentamt Mü. 2"]
[BlackTeam "Allianz Global Investors Ffm 1"]

1. c4 f5 2. Nc3 Nf6 3. g3 e6 4. Bg2 d5 5. d3 Bc5 6. Nf3 c6 7. O-O O-O 8. Bf4
Qe8 9. Qc2 Nbd7 10. Ne5 Nxe5 11. Bxe5 Ng4 12. Bf4 e5 13. Bd2 d4 14. Na4 Bd6 15.
h3 Nf6 16. e3 dxe3 17. Bxe3 f4 18. Bc5 Bxc5 19. Nxc5 Qh5 20. Qd1 Bg4 21. f3
Bxh3 22. Qe2 fxg3 23. Bxh3 Qxh3 24. Qg2 Qh4 25. Ne4 Nxe4 26. dxe4 Rf6 27. Rad1
Rh6 28. Rd7 Qf4 29. Qd2 Qh4 30. Qg2 Rf8 31. Rd3 Qf4 32. Qd2 g2 0-1

[Event "DBMM 2015 (XV.)"]
[Site "München"]
[Date "2015.10.22"]
[Round "2.1"]
[White "FM Gohil, Harry"]
[Black "IM Telljohann, Sven"]
[Result "0-1"]
[WhiteElo "2282"]
[BlackElo "2404"]
[PlyCount "90"]
[EventDate "2015.10.22"]
[EventType "team-swiss"]
[EventCountry "GER"]
[WhiteTeam "Commerzbank Frankfurt 1"]
[BlackTeam "DekaBank DGZ 1"]

1. d4 g6 2. Nc3 d5 3. Bf4 Bg7 4. Qd2 c6 5. O-O-O Nd7 6. e4 dxe4 7. Nxe4 Ngf6 8.
f3 O-O 9. Bh6 e5 10. Bxg7 Kxg7 11. dxe5 Nxe4 12. fxe4 Qe7 13. Nf3 Nxe5 14. Qc3
Re8 15. h3 Qf6 16. Nxe5 Qxe5 17. Qxe5+ Rxe5 18. Rd4 Be6 19. Rb4 b6 20. Ba6 Rb8
21. Bd3 b5 22. c3 Bxa2 23. Rd1 Be6 24. Rd2 h5 25. Rd4 Kf6 26. Rf2+ Ke7 27. Bc2
c5 28. Rd1 Rd8 29. Rxd8 Kxd8 30. Kd2 Rg5 31. Bd1 Kc7 32. Ke3 Rg3+ 33. Bf3 a5
34. Kf4 h4 35. Rd2 g5+ 36. Ke3 g4 37. hxg4 Bxg4 38. Rd5 h3 39. Kf2 h2 40. Rd1
Bxf3 41. gxf3 Rg1 42. Rxg1 hxg1=Q+ 43. Kxg1 a4 44. Kf2 b4 45. cxb4 cxb4 0-1

[Event "DBMM 2015 (XV.)"]
[Site "München"]
[Date "2015.10.22"]
[Round "2.2"]
[White "Fulea, Dan"]
[Black "Fischer, Alexander"]
[Result "1-0"]
[WhiteElo "2193"]
[BlackElo "2043"]
[PlyCount "83"]
[EventDate "2015.10.22"]
[EventType "team-swiss"]
[EventCountry "GER"]
[WhiteTeam "DekaBank DGZ 1"]
[BlackTeam "Commerzbank Frankfurt 1"]

1. e4 c6 2. d4 d5 3. f3 dxe4 4. fxe4 e5 5. Nf3 Bg4 6. Bc4 Bh5 7. c3 Nf6 8. O-O
Nbd7 9. Qe1 Qb6 10. Kh1 Bd6 11. Nbd2 O-O 12. Bb3 Bg6 13. Nc4 Qc7 14. Nxd6 Qxd6
15. dxe5 Nxe5 16. Bf4 Nfd7 17. Qg3 Rfe8 18. Rae1 a5 19. a4 Qc5 20. Nd4 Qb6 21.
Rf2 Rad8 22. Ref1 Qc5 23. Nf5 Nf6 24. Be3 Qf8 25. Nh6+ Kh8 26. Rxf6 gxf6 27.
Qh4 Nd7 28. Nf5 Bxf5 29. Rxf5 Qg7 30. h3 Re5 31. Rf4 Rg5 32. Rf2 Rg6 33. Rd2
Qg8 34. Bf4 Nc5 35. Rxd8 Qxd8 36. Bxf7 Rg7 37. Bc4 Nxe4 38. Kh2 Ng5 39. Qf2 Qe7
40. Qa7 Qe4 41. Qb8+ Rg8 42. Qxg8# 1-0

[Event "DBMM 2015 (XV.)"]
[Site "München"]
[Date "2015.10.22"]
[Round "2.3"]
[White "Lutterbey, Ralf"]
[Black "Diehm, Alexander"]
[Result "1/2-1/2"]
[WhiteElo "1882"]
[BlackElo "2030"]
[PlyCount "45"]
[EventDate "2015.10.22"]
[EventType "team-swiss"]
[EventCountry "GER"]
[WhiteTeam "Commerzbank Frankfurt 1"]
[BlackTeam "DekaBank DGZ 1"]

1. e4 c5 2. Nf3 Nc6 3. Nc3 d6 4. Bc4 Nf6 5. h3 a6 6. a4 Nd7 7. d4 cxd4 8. Nxd4
Nce5 9. Be2 e6 10. O-O Be7 11. Be3 O-O 12. f4 Nc6 13. a5 Nxa5 14. b4 Nc6 15. b5
Nxd4 16. Bxd4 Bf6 17. Kh2 e5 18. fxe5 Bxe5+ 19. g3 Qg5 20. Rf3 Nf6 21. Qd3 Qh5
22. Rf5 Qh6 23. Be3 1/2-1/2

[Event "DBMM 2015 (XV.)"]
[Site "München"]
[Date "2015.10.22"]
[Round "2.4"]
[White "Ortinau, Peter"]
[Black "Brauer, Frank"]
[Result "1/2-1/2"]
[WhiteElo "2070"]
[BlackElo "1861"]
[PlyCount "60"]
[EventDate "2015.10.22"]
[EventType "team-swiss"]
[EventCountry "GER"]
[WhiteTeam "DekaBank DGZ 1"]
[BlackTeam "Commerzbank Frankfurt 1"]

1. d4 Nf6 2. c4 c5 3. d5 b5 4. cxb5 a6 5. bxa6 g6 6. Nc3 Bxa6 7. g3 d6 8. Bg2
Bg7 9. Nf3 O-O 10. Rb1 Nbd7 11. O-O Qa5 12. Bd2 Rfb8 13. Qc2 Ng4 14. a4 Nge5
15. Nxe5 Nxe5 16. b3 Qc7 17. Rfe1 Rb7 18. Na2 Rab8 19. Bc3 Nd7 20. Bxg7 Kxg7
21. f4 Qb6 22. Kh1 Qa5 23. Rec1 Kg8 24. e4 Rb6 25. Qc3 Qxc3 26. Rxc3 e6 27. Bh3
Nf6 28. dxe6 Nxe4 29. exf7+ Kxf7 30. Re3 Nf2+ 1/2-1/2

[Event "DBMM 2015 (XV.)"]
[Site "München"]
[Date "2015.10.22"]
[Round "2.1"]
[White "IM Seger, Rüdiger"]
[Black "Reichardt, Peter"]
[Result "1/2-1/2"]
[WhiteElo "2364"]
[BlackElo "1941"]
[PlyCount "72"]
[EventDate "2015.10.22"]
[EventType "team-swiss"]
[EventCountry "GER"]
[WhiteTeam "Deutsche Post Bonn 1"]
[BlackTeam "Bayerische Landesbank 2"]

1. e4 e6 2. d4 d5 3. Nd2 Nf6 4. e5 Nfd7 5. c3 c5 6. Bd3 Nc6 7. Ne2 cxd4 8. cxd4
f6 9. exf6 Nxf6 10. Nf3 Bd6 11. O-O Qc7 12. Bg5 O-O 13. Bh4 Nh5 14. Qc2 h6 15.
Bh7+ Kh8 16. Bg6 Rxf3 17. Bxh5 Rf5 18. Bg6 Bxh2+ 19. Kh1 Bd6 20. Bxf5 exf5 21.
Rae1 Qf7 22. f4 Qh5 23. g3 g5 24. fxg5 hxg5 25. Rxf5 Nxd4 26. Nxd4 Bxg3 27. Kg2
Bxe1 28. Bxe1 Qg4+ 29. Bg3 Bxf5 30. Nxf5 Qe4+ 31. Qxe4 dxe4 32. Nd6 Kg7 33.
Nxe4 Rc8 34. Be5+ Kg6 35. Bc3 b5 36. a3 a6 1/2-1/2

[Event "DBMM 2015 (XV.)"]
[Site "München"]
[Date "2015.10.22"]
[Round "2.2"]
[White "Wolf, Martin"]
[Black "Lunnebach, Oliver"]
[Result "0-1"]
[WhiteElo "1982"]
[BlackElo "2120"]
[PlyCount "82"]
[EventDate "2015.10.22"]
[EventType "team-swiss"]
[EventCountry "GER"]
[WhiteTeam "Bayerische Landesbank 2"]
[BlackTeam "Deutsche Post Bonn 1"]

1. d4 d5 2. c4 c6 3. Nc3 Nf6 4. Nf3 dxc4 5. e3 Bf5 6. Bxc4 e6 7. O-O Nbd7 8. h3
h6 9. Bd2 Be7 10. Rc1 O-O 11. Qe2 Ne4 12. Nxe4 Bxe4 13. Rfd1 b5 14. Bd3 Bxd3
15. Qxd3 Qb6 16. b4 Rfd8 17. Rc2 Rac8 18. Rdc1 Qb7 19. Qe2 Bf6 20. Bc3 Nb6 21.
Nd2 Nd5 22. a3 e5 23. Ne4 exd4 24. Nxf6+ Nxf6 25. Bxd4 Rd6 26. Bb2 Nd5 27. e4
Re8 28. Qd3 Ree6 29. exd5 Rxd5 30. Qf3 Qd7 31. Qg3 Rg6 32. Qb8+ Kh7 33. Kh2
Rdg5 34. g3 Rh5 35. h4 Qg4 36. f3 Qxh4+ 37. Kg2 Qh3+ 38. Kf2 Qh2+ 39. Ke3 Re6+
40. Kd3 Qh3 41. Rxc6 Qf5+ 0-1

[Event "DBMM 2015 (XV.)"]
[Site "München"]
[Date "2015.10.22"]
[Round "2.3"]
[White "Dehmel, Jens"]
[Black "Wolf, Dietrich Hans"]
[Result "1-0"]
[WhiteElo "2105"]
[BlackElo "1994"]
[PlyCount "93"]
[EventDate "2015.10.22"]
[EventType "team-swiss"]
[EventCountry "GER"]
[WhiteTeam "Deutsche Post Bonn 1"]
[BlackTeam "Bayerische Landesbank 2"]

1. d4 d5 2. c4 e6 3. Nc3 c6 4. Nf3 Nf6 5. Bg5 Be7 6. e3 Nbd7 7. cxd5 exd5 8.
Bd3 Ne4 9. Bf4 g5 10. Bg3 Nxg3 11. hxg3 c5 12. Rxh7 O-O 13. Nxg5 Bxg5 14. Qh5
cxd4 15. Rh8+ Kg7 16. Qh7+ Kf6 17. Qf5+ Ke7 18. Qxg5+ Nf6 19. Rxf8 Kxf8 20.
exd4 Be6 21. O-O-O Ng4 22. Qf4 Qf6 23. Qxf6 Nxf6 24. f3 a6 25. g4 b5 26. Kd2
Nd7 27. a4 b4 28. Na2 Nb6 29. a5 Nc4+ 30. Bxc4 dxc4 31. Nxb4 Rb8 32. Kc3 Rb5
33. Ra1 Bc8 34. Kxc4 f5 35. gxf5 Rxf5 36. Nc6 Rg5 37. g4 Be6+ 38. Kc3 Rb5 39.
b4 Rb7 40. Ne5 Rc7+ 41. Kd3 Ke7 42. Rb1 Kd6 43. b5 axb5 44. Rxb5 Bc8 45. Ke3
Rc3+ 46. Kf4 Ra3 47. Nc4+ 1-0

[Event "DBMM 2015 (XV.)"]
[Site "München"]
[Date "2015.10.22"]
[Round "2.4"]
[White "Meier, Wolfgang"]
[Black "Biedeköpper, Robert"]
[Result "1/2-1/2"]
[WhiteElo "1971"]
[BlackElo "2021"]
[PlyCount "62"]
[EventDate "2015.10.22"]
[EventType "team-swiss"]
[EventCountry "GER"]
[WhiteTeam "Bayerische Landesbank 2"]
[BlackTeam "Deutsche Post Bonn 1"]

1. e4 c5 2. c3 d5 3. exd5 Qxd5 4. d4 Nc6 5. Nf3 Bg4 6. Be2 cxd4 7. cxd4 e6 8.
O-O Nf6 9. Nc3 Qd6 10. Nb5 Qb8 11. Ne5 Nxe5 12. dxe5 Qxe5 13. Bxg4 Nxg4 14.
Nc7+ Qxc7 15. Qxg4 h5 16. Qd4 a6 17. Bf4 Rd8 18. Qe3 Qc5 19. Qf3 Qd5 20. Qe2
Qd3 21. Qe5 Qd4 22. Qc7 Qd7 23. Qc2 Rc8 24. Qe2 Qd4 25. Be5 Qg4 26. Qd3 f6 27.
Rad1 Be7 28. Qd7+ Kf7 29. Bd6 Rce8 30. Qxb7 g5 31. Rc1 e5 1/2-1/2

[Event "DBMM 2015 (XV.)"]
[Site "München"]
[Date "2015.10.22"]
[Round "2.1"]
[White "Jachs, Walter"]
[Black "IM Safyanowsky, Mark"]
[Result "1/2-1/2"]
[WhiteElo "2003"]
[BlackElo "2248"]
[PlyCount "48"]
[EventDate "2015.10.22"]
[EventType "team-swiss"]
[EventCountry "GER"]
[WhiteTeam "Europäisches Patentamt Mü. 3"]
[BlackTeam "SV Osram Augsburg 1"]

1. e4 g6 2. d4 Bg7 3. Nc3 d6 4. f4 Nc6 5. Be3 Nf6 6. Nf3 O-O 7. Be2 Ng4 8. Bg1
e5 9. dxe5 dxe5 10. h3 Nf6 11. Qxd8 Rxd8 12. fxe5 Ne8 13. Bh2 Nb4 14. Bd1 c6
15. a3 Na6 16. Be2 Nac7 17. O-O Bh6 18. Rad1 Be6 19. Rxd8 Rxd8 20. Rd1 Rxd1+
21. Nxd1 Bd7 22. Bc4 Ne6 23. Bxe6 Bxe6 24. Nd4 Bd7 1/2-1/2